000 00454nam a2200169Ia 4500
005 20250423095941.0
008 250422s9999 xx 000 0 und d
020 _a9780770434182
050 _aSB 472.47 .R45/
100 _aReid, Grant W.
245 0 _aLandscape graphics
260 _aNew York
260 _bWatson-Guptill
260 _c2002
650 _a Landscape architectural drawing. Landscape architecture--Designs and plans.
942 _cBK
999 _c31829
_d31829